|
|
|
|
| LEADER |
00902nam a2200229 a 4500 |
| 001 |
11877200 |
| 008 |
090618s2001 txua b 001 0 eng d |
| 010 |
|
|
|a \\\99085958
|
| 020 |
|
|
|a 0030319676
|
| 040 |
|
|
|a DLC
|c DLC
|
| 082 |
0 |
0 |
|a 658.8/1
|2 21
|
| 100 |
1 |
|
|a Futrell, Charles.
|
| 245 |
1 |
0 |
|a Sales management :
|b teamwork, leadership, and technology /
|c Charles M. Futrell.
|
| 250 |
|
|
|a 6th ed.
|
| 260 |
|
|
|a Fort Worth, TX :
|b Harcourt College Publishers,
|c c2001.
|
| 300 |
|
|
|a xxiv, 568 p. :
|b ill. ;
|c 29 cm.
|
| 504 |
|
|
|a Includes bibliographical references (p. 545-551) and index.
|
| 541 |
1 |
|
|e 00014778
|
| 650 |
|
0 |
|a Sales management.
|
| 852 |
4 |
|
|a Ayesha Abed Library
|j General shelf
|
| 999 |
|
|
|c 1568
|d 1568
|
| 952 |
|
|
|0 0
|1 0
|2 ddc
|4 0
|6 658_810000000000000_FUT_2001
|7 0
|9 1444
|a BRACUL
|b BRACUL
|c GEN
|d 2009-06-28
|g 0.00
|l 0
|o 658.81 FUT
|p 3010014778
|r 2009-06-28
|t 1
|w 2009-06-28
|y BK
|x No price found in the accession register.
|